Central Library OPAC University of Rajshahi

Cathode-ray tubes and their associated circuits / (Record no. 71958)

MARC details
000 -LEADER
fixed length control field 00649nam a2200205 a 4500
001 - CONTROL NUMBER
control field 71958
003 - CONTROL NUMBER IDENTIFIER
rucl marc code BD-RjUL
005 - DATE AND TIME OF LATEST TRANSACTION
control field 20211209082207.0
008 - FIXED-LENGTH DATA ELEMENTS--GENERAL INFORMATION
fixed length control field 170511s1951 enka 000 0 eng d
035 ## - SYSTEM CONTROL NUMBER
System control number (BD-RjUL)72174
040 ## - CATALOGING SOURCE
Original cataloging agency NLM
Transcribing agency NLM
Modifying agency EQO
-- BD-RjUL
Language of cataloging eng
041 ## - LANGUAGE CODE
Language code of text/sound track or separate title eng
082 ## - DEWEY DECIMAL CLASSIFICATION NUMBER
Edition number 23
Classification number 621.381542
Author mark and year CAT 1951
245 ## - TITLE STATEMENT
Title Cathode-ray tubes and their associated circuits /
Statement of responsibility, etc. United States. Department of the Army
260 ## - PUBLICATION, DISTRIBUTION, ETC. (IMPRINT)
Place of publication, distribution, etc. Washington :
Name of publisher, distributor, etc. United States G.P.O,
Date of publication, distribution, etc. c1951
300 ## - PHYSICAL DESCRIPTION
Pagination 218 p. :
Illustrations ill. ;
Size 28 cm.
650 ## - SUBJECT ADDED ENTRY--TOPICAL TERM
Topical term or geographic name as entry element Cathode ray tubes
9 (RLIN) 212828
710 ## - ADDED ENTRY--CORPORATE NAME
Corporate name or jurisdiction name as entry element United States. Department of the Air Force.
9 (RLIN) 212829
942 ## - ADDED ENTRY ELEMENTS (KOHA)
Source of classification or shelving scheme Dewey Decimal Classification
Koha item type Books
Holdings
Lost status Source of classification or shelving scheme Damaged status Not for loan Collection code Permanent Location Current Location Shelving location Date acquired Source of acquisition Cost, normal purchase price Total Checkouts Full call number Date last seen Copy number Koha item type
  Dewey Decimal Classification   Not For Loan Non-fiction Central Library, University of Rajshahi Central Library, University of Rajshahi Reading Room 13/10/1970 Zeitlinger 121.00   621.381542 CAT 1951 11/05/2017 C-1 Books
  Dewey Decimal Classification   Not For Loan Non-fiction Central Library, University of Rajshahi Central Library, University of Rajshahi Reading Room 13/10/1970 Zeitlinger 121.00   621.381542 CAT 1951 11/05/2017 C-2 Books